000 02720cam a2200421 i 4500
005 20260322212039.0
008 data
010 _a 2013041007
020 _a9780062315007 (pbk.)
020 _a0062315005
040 _aDLC
_beng
_cDLC
_erda
_dDLC
041 1 _aeng
_hpor
042 _apcc
050 0 0 _aPQ9698.13.O3546
_bA4513 2014
082 0 0 _a869.3/42
_223
084 _aOCC019000
_aOCC036000
_aOCC019000
_2bisacsh
099 _aCOELH P
100 1 _aCoelho, Paulo.
240 1 0 _aAlquimista.
_lEnglish
245 1 4 _aThe alchemist /
_cPaulo Coelho & Alan Clarke.
250 _aFirst Harpercollins hardcover edition
250 _a25th anniversary edition
260 _aNew York, NY :
_bHarper Collins,
_c1993.
264 1 _aSan Francisco :
_bHarperOne,
_c[2014]
300 _ax, 182 pages ;
_c21 cm.
336 _atext
_2rdacontent
337 _aunmediated
_2rdamedia
338 _avolume
_2rdacarrier
490 0 _aPerennial classics
500 _a"This book is an English version of O Alquimista, the Portuguese original edition, published in Brazil by Editora Rocco Ltd. (Rio de Janeiro). Copyright 1988 by Paulo Coelho. Previous paperback editions were published in 1994 and 1998 by HarperOne, a division of HarperCollins Publishers. A HarperFlamingo edition was published in 1998. A previous HarperPerennial paperback edition was published in 1998 . . . . English version copyright 1993 by Paulo Coelho and Alan R. Clarke. Updated introduction copyright 2014 by HarperCollins Publishers"--Title page verso.
520 _a"A special 25th anniversary edition of Paulo Coehlo's extraordinary international bestselling phenomenon--the inspiring spiritual tale of self-discovery that has touched millions of lives around the world.Combing magic, mysticism, wisdom and wonder, The Alchemist has become a modern classic, selling millions of copies around the world and transforming the lives of countless readers across generations. Paulo Coelho's masterpiece tells the mystical story of Santiago, an Andalusian shepherd boy who yearns to travel in search of a worldly treasure. His quest will lead him to riches far different--and far more satisfying--than he ever imagined. Santiago's journey teaches us about the essential wisdom of listening to our hearts, of recognizing opportunity and learning to read the omens strewn along life's path, and, most importantly, to follow our dreams. "--
_cProvided by publisher.
650 7 _aFICTION / Literary.
_2bisacsh
650 7 _aBODY, MIND & SPIRIT / Spirituality / General.
_2bisacsh
650 7 _aBODY, MIND & SPIRIT / Inspiration & Personal Growth.
_2bisacsh
655 7 _aFables.
_2gsafd
700 1 _aClarke, Alan
_q(Alan R.)
_etranslator.
001 data
999 _c911
_d911